| 000 | 00487nam a2200193Ia 4500 | ||
|---|---|---|---|
| 003 | OSt | ||
| 005 | 20230509164327.0 | ||
| 008 | 210423s1994 xx 000 0 und d | ||
| 040 | _cAL | ||
| 041 | _aeng | ||
| 082 |
_a302 _223 _bKUPI |
||
| 100 |
_aKUPPUSWAMY (B). _9101745 |
||
| 245 | _aIntroduction to social psychology. | ||
| 260 |
_aAllahabad _bKitab Mahal _c1994 |
||
| 300 |
_av,26 _bPB |
||
| 365 |
_b130 _cINR |
||
| 906 | _aIntroduction ; psychology. ; social | ||
| 942 |
_2ddc _cBK |
||
| 999 |
_c171704 _d171704 |
||